00531nam a2200193 a 450000100100000000500170001000800410002702000180006804000250008608200200011110000210013124500420015226000340019430000280022849000150025665000240027165000270029583000150032200004128220240412074300.0130927s2011 mx a 000 p spa d a9786077921769 aDO-SdBNPbspacBNPHU aRD861.44bM398c1 aMason, Christian10aCósmico suspiro /cChristian Mason. aMéxico :bFontamara,c2011. a160 p. :bil. ;c21 cm.1 aCisnev139 0aPoesía dominicana 0aLiteratura dominicana. 0aCisnen139